Statistics for States/Provinces to Countries

Click here to take the quiz!

General Stats

  • This quiz has been taken 7 times
  • The average score is 10 of 20

Answer Stats

CountryPopulationAnswer% Correct
India200,004,331Uttar Pradesh
100%
China113,460,282Guangdong
71%
India104,099,452Bihar
57%
India60,439,692Gujarat
57%
China57,237,740Hubei
57%
India61,095,297Karnataka
57%
India112,374,333Maharashtra
57%
India68,548,437Rajasthan
57%
China80,418,200Sichuan
57%
India72,147,030Tamil Nadu
57%
India91,276,115West Bengal
57%
India49,577,103Andhra Pradesh
43%
China71,854,202Hebei
43%
India72,646,809Madhya Pradesh
43%
China59,500,510Anhui
29%
China94,023,567Henan
29%
China65,683,722Hunan
29%
China78,659,903Jiangsu
29%
China100,063,065Shandong
29%
China54,426,891Zhejiang
29%

Score Distribution

Percentile by Number Answered

Percent of People with Each Score

Your Score History

You have not taken this quiz